<?xml version="1.0" encoding="UTF-8"?>
<collection xmlns="http://www.loc.gov/MARC21/slim">
  <record>
    <leader>00000nam  2200000   4500</leader>
    <controlfield tag="001">INLIS000000000017175</controlfield>
    <controlfield tag="005">20240614111737</controlfield>
    <datafield tag="035" ind1="#" ind2="#">
      <subfield code="a">0010-0624000078</subfield>
    </datafield>
    <datafield tag="245" ind1="1" ind2="#">
      <subfield code="a">Ketidaknetralan Birokrasi Indonesia :</subfield>
      <subfield code="b">studi zaman orde baru sampai orde reformasi /</subfield>
      <subfield code="c">Hamka Hendra Noer</subfield>
    </datafield>
    <datafield tag="100" ind1=" " ind2="#">
      <subfield code="a">Hamka Hendra Noer</subfield>
    </datafield>
    <datafield tag="250" ind1="#" ind2="#">
      <subfield code="a">1</subfield>
    </datafield>
    <datafield tag="300" ind1="#" ind2="#">
      <subfield code="a">360 halaman ;</subfield>
      <subfield code="c">30 cm</subfield>
    </datafield>
    <datafield tag="856" ind1="#" ind2="#">
      <subfield code="a">Perpustakaan LAN Pusat</subfield>
    </datafield>
    <datafield tag="260" ind1="#" ind2="#">
      <subfield code="a">Jakarta :</subfield>
      <subfield code="b">Elex Media Komputindo,</subfield>
      <subfield code="c">2014</subfield>
    </datafield>
    <datafield tag="082" ind1="#" ind2="#">
      <subfield code="a">352.635.98</subfield>
    </datafield>
    <datafield tag="084" ind1="#" ind2="#">
      <subfield code="a">352.635.98 Noe k</subfield>
    </datafield>
    <datafield tag="020" ind1="#" ind2="#">
      <subfield code="a">978-602-02-5304-6</subfield>
    </datafield>
    <datafield tag="650" ind1="#" ind2="4">
      <subfield code="a">Birokrasi</subfield>
    </datafield>
    <datafield tag="520" ind1="#" ind2="#">
      <subfield code="a">Birokrasi memiliki posisi sentral dan strategis untuk perubahan dan kemajuan bangsa, maka birokrasi dituntut berfungsi sebagai problem solver (penyelesaian masalah), bukan justru menjadi bagian dari masalah (part of the problem). Buku ini mengupas falsafah, teori dan praktik birokrasi di Indonesia yang layak dibaca oleh pelaku pemerintahan, pengambil keputusan politik, pengajar, dan mahasiswa.</subfield>
    </datafield>
    <datafield tag="990" ind1="#" ind2="#">
      <subfield code="a">240619854</subfield>
    </datafield>
    <datafield tag="990" ind1="#" ind2="#">
      <subfield code="a">240619855</subfield>
    </datafield>
  </record>
</collection>
